Statistics for World Cup Hosts '30-'26

Click here to take the quiz!

General Stats

  • This quiz has been taken 15 times
  • The average score is 24 of 26

Answer Stats

HintAnswer% Correct
1950Brazil
100%
2014Brazil
100%
2026Canada
100%
1990Italy
100%
1934Italy
100%
1986Mexico
100%
2026Mexico
100%
1970Mexico
100%
2022Qatar
100%
2018Russia
100%
1994United States of America
100%
2026United States of America
100%
1930Uruguay
100%
1978Argentina
93%
1998France
93%
1938France
93%
1974Germany
93%
2006Germany
93%
2002Japan
93%
2010South Africa
93%
2002South Korea
93%
1982Spain
93%
1966England
80%
1958Sweden
80%
1962Chile
73%
1954Switzerland
67%

Score Distribution

Percentile by Number Answered

Percent of People with Each Score

Your Score History

You have not taken this quiz